Normal view MARC view
  • HOFMANN, ANDREAS AND CLOKIE, SAMUEL

Entry Personal Name

Number of records used in: 1

001 - CONTROL NUMBER

  • control field: 7273

003 - CONTROL NUMBER IDENTIFIER

  • control field: OSt

005 - DATE AND TIME OF LATEST TRANSACTION

  • control field: 20220307163822.0

008 - FIXED-LENGTH DATA ELEMENTS

  • fixed length control field: 220307|| aca||aabn | a|a d

040 ## - CATALOGING SOURCE

  • Original cataloging agency: OSt
  • Transcribing agency: OSt

100 ## - HEADING--PERSONAL NAME

  • Personal name: HOFMANN, ANDREAS AND CLOKIE, SAMUEL

670 ## - SOURCE DATA FOUND

  • Source citation: Work cat.: (OSt): HOFMANN, ANDREAS AND CLOKIE, SAMUEL, WILSON AND WALKERS PRINCIPLES AND TECHNIQUES OF BIOCHEMISTRY AND MOLECULAR BIOLOGY, 2018